000 00415nam a2200169Ia 4500
001 20225
003 IN-NITTTR
005 20251114233232.0
008 251113s9999||||xx |||||||||||||| ||eng||
040 _beng
040 _cIN-NITTTR
041 _aeng
082 _a526.9 K171S
100 _aKavanagh, Barry F.
245 0 _aSurveying :
_b with construction applications. /
_cKavanagh, Barry F.
942 _2ddc
_cBK
999 _c22859
_d22859